- Di Tella, Torcuato S.,
Entrada Nombre personal
Número de registros utilizados en: 17
001 - NÚMERO DE CONTROL
- campo de control: 6889
003 - IDENTIFICADOR DEL NÚMERO DE CONTROL
- campo de control: AR-BaAGN
005 - FECHA Y HORA DE LA ÚLTIMA TRANSACCIÓN
- campo de control: 20231206114905.0
008 - ELEMENTOS DE DATO DE LONGITUD-FIJA
- campo de control de longitud fija: 231130|| aca||aabn | a|a d
040 ## - FUENTE DE CATALOGACIÓN
- Centro catalogador/agencia de origen: AR-BaBN
- Lengua de catalogación: spa
- Normas de descripción: aacr
- Centro/agencia modificador: AR-BaAGN
100 1# - ENCABEZAMIENTO-NOMBRE DE PERSONA
- Nombre de persona: Di Tella, Torcuato S.,
- Fechas asociadas al nombre: 1929-2016
370 ## - LUGAR ASOCIADO
- Lugar de nacimiento: Buenos Aires
- Lugar de fallecimiento: Buenos Aires
372 ## - CAMPO DE ACTIVIDAD
- Campo de actividad: Historia
374 ## - OCUPACIÓN
- Ocupación: Sociólogos
400 1# - TRAZADO DE VÉASE--NOMBRE DE PERSONA
- Nombre de persona: Di Tella, Torcuato,
- Fechas asociadas al nombre: 1929-2016
400 1# - TRAZADO DE VÉASE--NOMBRE DE PERSONA
- Nombre de persona: Di Tella, Torcuato
- Títulos y otros términos asociados al nombre: (hijo),
- Fechas asociadas al nombre: 1929-2016
400 1# - TRAZADO DE VÉASE--NOMBRE DE PERSONA
- Nombre de persona: Di Tella, Torcuato Salvador Francisco Nicolás,
- Fechas asociadas al nombre: 1929-2016
400 1# - TRAZADO DE VÉASE--NOMBRE DE PERSONA
- Nombre de persona: Di Tella, Torcuato Salvador F. N.,
- Fechas asociadas al nombre: 1929-2016
400 1# - TRAZADO DE VÉASE--NOMBRE DE PERSONA
- Nombre de persona: Tella, Torcuato S. di,
- Fechas asociadas al nombre: 1929-2016
670 ## - FUENTE DE DATOS ENCONTRADOS
- Cita de la fuente: Historia de los partidos políticos en América Latina, 2013:
- Información encontrada: port. (Torcuato S. Di Tella)
670 ## - FUENTE DE DATOS ENCONTRADOS
- Cita de la fuente: WWW Universidad Torcuato Di Tella.edu, 08 jun. 2016:
- Información encontrada: 07 jun. 2016 (Torcuato S. Di Tella falleció hoy en la ciudad de Bs. As.; Torcuato S. Di Tella (Buenos Aires, 29 dic. 1929, 07 jun. 2016); ingeniero industrial (UBA, 1951); sociólogo (Columbia University, 1953); realizó estudios de posgrado (London School of Economics); profesor emérito (UBA, 2002); fundador del Instituto Torcuato Di Tella (1958) y miembro del Grupo Fundador de la Univ. Torcuato Di Tella (1991); profesor universitario en Argentina y otros países)
- Identificador Uniforme de Recursos: http://www.utdt.edu/ver_novedad.php?id_novedad=1802&id_item_menu=65
670 ## - FUENTE DE DATOS ENCONTRADOS
- Cita de la fuente: WWW Infoleg Presidencia de la Nación.gov.ar, 08 jun. 2016:
- Información encontrada: Decreto 15/2003 (Desígnase Secretario de Cultura de la Presidencia de la Nación al Sociólogo Torcuato Salvador Francisco Nicolás Di Tella) Decreto 305/2001 (Dase por nombrado a partir del 11 dic. 2011 como embajador extraordinario y plenipotenciario al señor D. Torcuato Salvador Francisco Nicolás Di Tella)
670 ## - FUENTE DE DATOS ENCONTRADOS
- Cita de la fuente: WWW Fundación Konex.com, 08 jun. 2016:
- Información encontrada: (Torcuato Salvador F. N. Di Tella)
670 ## - FUENTE DE DATOS ENCONTRADOS
- Cita de la fuente: WWW Diario La Prensa, 08 jun. 2016:
- Información encontrada: 08 jun. 2016 (Torcuato Di Tella, n. 29 dic. 1929 en Bs. As.)
